000 00462nam a2200193Ia 4500
008 240510s9999 xx 000 0 und d
020 _a0000932376169
041 _aEng
082 _a004.1
082 _bB16
100 _aBARCOMB D.
245 0 _aOFFICE AUTOMATION:A SURVEY OF TOOLS AND TECHNOLOGY
260 _bU.S.A. : DIGITAL PRESS
260 _c1981
300 _a241 p.
650 _aAUTOMATION : DATA PROCESSING
942 _2ddc
942 _cLBK
999 _c26314
_d26314
945 _a1
_bMadushi Gamage
_c1
_dMadushi Gamage